[Event "Warsaw Szansa op"]
[Site "Warsaw"]
[Date "2022.09.17"]
[Round "5"]
[White "Wieckowski, Michal"]
[Black "Fiszer, Bartosz"]
[Result "0-1"]
[WhiteElo "1684"]
[BlackElo "2232"]
[PlyCount "60"]
[EventDate "2022.09.17"]
[EventType "swiss (rapid)"]
[EventRounds "11"]
[EventCountry "POL"]
[SourceTitle "EXT 2023"]
[Source "ChessBase"]
[SourceDate "2022.10.05"]
[SourceVersion "1"]
[SourceVersionDate "2022.10.05"]
[SourceQuality "1"]

1. e4 c5 2. Nf3 Nc6 3. d4 cxd4 4. Nxd4 e5 5. Nb5 d6 6. N1c3 a6 7. Na3 Be7 8. Nc4 b5 9. Ne3 Nf6 10. f3 0-0 11. Ncd5 Nxd5 12. Nxd5 Bg5 13. Be2 Be6 14. 0-0 Bxd5 15. Qxd5 Nd4 16. Bd3 Qb6 17. Kh1 Rac8 18. Bxg5 Rc5 19. Qxc5 dxc5 20. c3 Ne6 21. Be3 Rd8 22. Be2 Nf4 23. Bxf4 exf4 24. Rfd1 g6 25. Rxd8+ Qxd8 26. Rd1 Qa5 27. a3 Qa4 28. g3 Qc2 29. Rd8+ Kg7 30. Bd1 Qf2 0-1

[Event "Warsaw Najdorf Memorial op-A"]
[Site "Warsaw"]
[Date "2022.07.09"]
[Round "1"]
[White "Lasota, Adam"]
[Black "Fiszer, Bartosz"]
[Result "0-1"]
[WhiteElo "1892"]
[BlackElo "2228"]
[PlyCount "144"]
[EventDate "2022.07.09"]
[EventType "swiss"]
[EventRounds "9"]
[EventCountry "POL"]
[SourceTitle "CBM 209 Extra"]
[Source "ChessBase"]
[SourceDate "2022.09.30"]
[SourceVersion "1"]
[SourceVersionDate "2022.09.30"]
[SourceQuality "1"]

1. d4 Nf6 2. Bf4 g6 3. e3 Bg7 4. Be2 d6 5. h3 c5 6. c3 0-0 7. Nf3 b6 8. 0-0 Bb7 9. a4 Nbd7 10. Nbd2 Re8 11. Bh2 Qc7 12. Re1 Rad8 13. Qb1 e5 14. Rc1 Qb8 15. Qa2 Qa8 16. Bf1 Ne4 17. Nxe4 Bxe4 18. Nd2 Bd5 19. c4 Bb7 20. d5 a5 21. Ne4 Qb8 22. Qb3 h6 23. Nc3 f5 24. Be2 Ba6 25. f3 Bf6 26. Qc2 Bg5 27. Kf2 Rf8 28. g4 Rde8 29. gxf5 gxf5 30. Rg1 Kh8 31. Rg2 Bh4+ 32. Kg1 Bg5 33. f4 exf4 34. Bxf4 Rxe3 35. Bxg5 hxg5 36. Rxg5 Rxh3 37. Kg2 Qd8 38. Rxf5 Qh4 39. Rh5+ Qxh5 40. Bxh5 Rxh5 41. Ne4 Ne5 42. Ng3 Rg8 43. Qe2 Rh4 44. b3 Bc8 45. Qf2 Bh3+ 46. Kg1 Rxg3+ 47. Qxg3 Rg4 48. Qxg4 Bxg4 49. Kf2 Kg7 50. Ke3 Bf5 51. Rg1+ Bg6 52. Rg2 Kf6 53. Kd2 Nf3+ 54. Kc3 Nd4 55. Rh2 Ke5 56. Rh8 Bc2 57. Re8+ Kf6 58. Rb8 Bxb3 59. Rxb6 Ke5 60. Ra6 Bxa4 61. Rxa5 Bd7 62. Ra7 Bg4 63. Re7+ Kf4 64. Re8 Ne2+ 65. Kd3 Ng3 66. Rd8 Bf5+ 67. Kc3 Ke3 68. Rh8 Ne4+ 69. Kb3 Kd3 70. Rh5 Nd2+ 71. Ka2 Be4 72. Rh6 Nxc4 0-1

[Event "POL-ch U16"]
[Site "Sypniewo"]
[Date "2022.03.26"]
[Round "8"]
[White "Fiszer, Bartosz"]
[Black "Malek, Jan"]
[Result "1-0"]
[WhiteElo "2226"]
[BlackElo "2230"]
[PlyCount "83"]
[EventDate "2022.03.19"]
[EventType "swiss"]
[EventRounds "9"]
[EventCountry "POL"]
[SourceTitle "CBM 207 Extra"]
[Source "ChessBase"]
[SourceDate "2022.05.31"]
[SourceVersion "1"]
[SourceVersionDate "2022.05.31"]
[SourceQuality "1"]

1. e4 c5 2. Nf3 Nc6 3. d4 cxd4 4. Nxd4 g6 5. c4 Bg7 6. Be3 Qb6 7. Nb3 Qd8 8. Qd2 Nf6 9. f3 0-0 10. Nc3 d6 11. Nd4 Nxd4 12. Bxd4 Qa5 13. Be2 Be6 14. b3 Rfc8 15. a4 Nd7 16. Bxg7 Kxg7 17. 0-0 Kg8 18. Kh1 Nc5 19. Rab1 Qb4 20. Qe3 a5 21. f4 f6 22. Rf3 Kg7 23. h4 Nd7 24. Rg3 Qc5 25. Qd2 Bf7 26. Rf1 Rh8 27. Bd1 Nb8 28. Re1 Nc6 29. Nd5 Rad8 30. h5 Rhf8 31. Qb2 Bg8 32. Kh2 e6 33. Ne3 Qd4 34. Qc1 Qxe4 35. hxg6 Nb4 36. gxh7+ Kxh7 37. Bc2 Nxc2 38. Nxc2 Qf5 39. Nd4 Qc5 40. Qc2+ f5 41. Nxe6 Bxe6 42. Rxe6 1-0

[Event "POL-ch U14"]
[Site "Uniejow"]
[Date "2021.07.22"]
[Round "6"]
[White "Fiszer, Bartosz"]
[Black "Janeczko, Jakub"]
[Result "1-0"]
[WhiteElo "2216"]
[BlackElo "1976"]
[PlyCount "43"]
[EventDate "2021.07.18"]
[EventType "swiss"]
[EventRounds "9"]
[EventCountry "POL"]
[SourceTitle "EXT 2022"]
[Source "ChessBase"]
[SourceDate "2021.10.06"]
[SourceVersion "1"]
[SourceVersionDate "2021.10.06"]
[SourceQuality "1"]

1. e4 c5 2. Nf3 Nc6 3. d4 cxd4 4. Nxd4 e5 5. Nb5 d6 6. N1c3 a6 7. Na3 Be6 8. Nc4 Rb8 9. a4 b5 10. axb5 axb5 11. Ne3 Nd4 12. Ncd5 Nf6 13. c3 Nc6 14. Qb3 b4 15. Qa4 Bd7 16. Bb5 Qc8 17. Nxf6+ gxf6 18. Nd5 Be7 19. 0-0 Rg8 20. g3 bxc3 21. bxc3 Nd8 22. Bxd7+ 1-0

[Event "POL-ch U14"]
[Site "Uniejow"]
[Date "2021.07.20"]
[Round "2"]
[White "Fiszer, Bartosz"]
[Black "Kutowski, Marcel"]
[Result "1-0"]
[WhiteElo "2216"]
[BlackElo "1712"]
[PlyCount "61"]
[EventDate "2021.07.18"]
[EventType "swiss"]
[EventRounds "9"]
[EventCountry "POL"]
[SourceTitle "EXT 2022"]
[Source "ChessBase"]
[SourceDate "2021.10.06"]
[SourceVersion "1"]
[SourceVersionDate "2021.10.06"]
[SourceQuality "1"]

1. e4 c6 2. d4 d5 3. Nd2 dxe4 4. Nxe4 Bf5 5. Ng3 Bg6 6. h4 h6 7. Nf3 Nd7 8. h5 Bh7 9. Bd3 Bxd3 10. Qxd3 e6 11. Bd2 Ngf6 12. 0-0-0 Be7 13. Kb1 Qb6 14. Rhe1 0-0 15. c4 Qc7 16. Ne5 c5 17. Bf4 Rfd8 18. d5 Nb6 19. Nxf7 Qxf4 20. Nxd8 Rxd8 21. Rxe6 Bf8 22. b3 Nc8 23. Qe3 Qg4 24. Qe2 Qf4 25. Ne4 Nxe4 26. Rxe4 Qf5 27. g4 Qf7 28. Re3 Nd6 29. Rf3 Qd7 30. Qe6+ Nf7 31. Re1 1-0

[Event "EU-ch Online U14"]
[Site "Tornelo INT"]
[Date "2020.09.20"]
[Round "8"]
[White "Fiszer, Bartosz"]
[Black "Stamatiou, Rodolfos"]
[Result "0-1"]
[WhiteElo "1890"]
[BlackElo "1735"]
[PlyCount "88"]
[EventDate "2020.09.18"]
[EventType "swiss (rapid)"]
[EventRounds "9"]
[EventCountry "NET"]
[SourceTitle "EXT 2023"]
[Source "ChessBase"]
[SourceDate "2022.10.05"]
[SourceVersion "1"]
[SourceVersionDate "2022.10.05"]
[SourceQuality "1"]
[WhiteTeam "Poland"]
[BlackTeam "Greece"]
[WhiteTeamCountry "POL"]
[BlackTeamCountry "GRE"]

1. e4 c5 2. Nf3 e6 3. d4 cxd4 4. Nxd4 Nf6 5. Nc3 Nc6 6. Ndb5 Bb4 7. a3 Bxc3+ 8. Nxc3 d5 9. exd5 exd5 10. Bd3 0-0 11. 0-0 d4 12. Ne2 Bg4 13. f3 Bh5 14. Nf4 Bg6 15. Nxg6 hxg6 16. f4 Nd5 17. Qf3 Re8 18. Bd2 Ne3 19. Rfe1 Qf6 20. Re2 Re7 21. Rae1 Rae8 22. b4 a6 23. c4 g5 24. b5 g4 25. Qg3 Nd8 26. Bxe3 dxe3 27. Qxg4 Qd4 28. Qf5 g6 29. Qd5 Qxf4 30. bxa6 bxa6 31. c5 Re5 32. Qd7 R5e7 33. Qd5 Re5 34. Qd7 R5e7 35. Qd6 Qg5 36. Qxa6 Ne6 37. c6 Nf4 38. Qb5 Re5 39. Qb3 Nxe2+ 40. Bxe2 Rc5 41. Rf1 Qe7 42. Re1 Rxc6 43. Bb5 Rb8 44. Rxe3 Rxb5 0-1

[Event "Warsaw Przepiorka Memorial"]
[Site "Warsaw"]
[Date "2019.12.31"]
[Round "9"]
[White "Fiszer, Bartosz"]
[Black "Goslawski, Michal"]
[Result "1/2-1/2"]
[WhiteElo "2146"]
[BlackElo "2157"]
[PlyCount "100"]
[EventDate "2019.12.27"]
[EventType "swiss"]
[EventRounds "9"]
[EventCountry "POL"]
[SourceTitle "CBM 194 Extra"]
[Source "ChessBase"]
[SourceDate "2020.03.31"]
[SourceVersion "1"]
[SourceVersionDate "2020.03.31"]
[SourceQuality "1"]

1. e4 e5 2. Nf3 Nf6 3. Nxe5 d6 4. Nf3 Nxe4 5. c4 Be7 6. Nc3 Nxc3 7. dxc3 Nc6 8. Qc2 Bg4 9. Be3 Bh5 10. Bd3 Bg6 11. 0-0-0 Qc8 12. h3 Bxd3 13. Qxd3 0-0 14. g4 Qe6 15. Qd5 Rae8 16. Qxe6 fxe6 17. Nd4 Nxd4 18. cxd4 d5 19. c5 b6 20. cxb6 axb6 21. f4 c5 22. Rhf1 c4 23. Bd2 Bd6 24. Rde1 g6 25. Kc2 b5 26. a3 Kf7 27. Re2 h5 28. Bb4 Bxb4 29. axb4 hxg4 30. hxg4 Rh8 31. Ra1 Ra8 32. Rxa8 Rxa8 33. Rh2 Kg7 34. Re2 Rf8 35. Rxe6 Rxf4 36. g5 Rxd4 37. Rb6 Rg4 38. Rxb5 Rxg5 39. Rc5 Rg3 40. Rxd5 Rb3 41. Rb5 Kf6 42. Rb8 g5 43. b5 Kg7 44. Rb7+ Kf6 45. Rb8 Kg7 46. Rb7+ Kf6 47. Rb8 Kg7 48. Rc8 g4 49. Rb8 Kf6 50. Rg8 Ke5 1/2-1/2